000
00302nam a2200133Ia 4500
005
20251222155042.0
008
251222s9999||||xx |||||||||||||| ||spa||
082
_a
EBA. 13
100
_a
CALERA, Ana María,
245
0
_a
Atlas de Enfermería
250
_a
16va. ed.
264
_b
Jover
942
_c
LIB
999
_c
36965
_d
36965